000
00355nam a22001577a 4500
005
20230529162512.0
008
230524b |||||||| |||| 00| 0 eng d
082
_a
620
_b
JAI-M
100
_a
Jain;R.K
245
_a
Mechnical Engineering
260
_a
India
_b
Khanna
_c
2001
300
_a
115
650
_a
Engineering
700
_a
R.K.Jain
999
_c
18515
_d
18515